Responses for Show #4762 - Tuesday, April 26, 2005

2005 Ultimate Tournament of Champions Round 2, game 10.

(Austin Tichenor: We are--)
(All 3: --the Reduced Shakespeare Company!)
(Austin Tichenor: Stay tuned for a little culture.)
(Reed Martin: Very good.)
(Michael Faulkner: Coming up next on Jeopardy!)

Contestants

[<< previous game]

David Traini, a high school administrator from Moorestown, New Jersey

Chris Miller, a retail specialist from Louisville, Kentucky

Ryan Holznagel, a writer originally from Forest Grove, Oregon

[next game >>]

Jeopardy! Round responses

AREAS OF EXPERTISE
AP FEMALE ATHLETES OF THE YEAR
HEY, J.D.
(Alex: We want you to name each Shakespeare play that will be performed from start to finish by the...)
REDUCED SHAKESPEARE COMPANY
LIBRARIES
WHAT HAVE "V" HERE
    $200 22
earthquakes

Ryan
    $200 17
Nadia Comăneci

Chris
    $200 12
Jack Dempsey

Chris
    $200 8
(Alex: We provide you with entertaining clues.)

Romeo and Juliet

Ryan
    $200 1
(Dave: What is Oxford?)

Cambridge

ChrisDavid
    $200 7
the Vietnam War

Ryan
    $400 24
[Dave gave both listed responses.]

pastries (or desserts)

David
    $400 18
Chris Evert

Ryan
    $400 13
John Dillinger

Chris
    $400 27
Hamlet

Ryan
    $400 2
Pennsylvania

David
    $400 3
vivisection

David
    $600 23
neonatologists

David
    $600 19
(Alex: Star in the heptathlon.)

Jackie Joyner-Kersee

Triple Stumper
    $600 14
John Dean

David
    $600 28
(Alex: If only Shakespeare had known of these fellows.)

Othello

Chris
    $600 9
Catherine the Great

Chris
    $600 4
Vera

Triple Stumper
    $800 25
a curator

Chris
    $800 20
Annika Sörenstam

Chris
    $800 15
Jimmy Durante

Chris
    $800 29
(Alex: Yes, and they're starting to sound more and more like the Three Stooges, my favorites! If only they had done Shakespeare! Now the last clue!)

Macbeth

Ryan
    $800 10
(Chris: What is the First Folio?)
(Dave: What is the Bible?)
(Alex: Which one?)
(Dave: Uh, the Vulgate Lib--Bible?)
...
(Alex: Dave was hung up on the "V"s when he came up with the Vulgate.)

the King James Bible

ChrisDavid
Triple Stumper
    $800 5
Venezuela

Chris
    $1000 26
estate

Chris
    $1000 21
(Chris: Who is Dorothy Hamill?)

(Peggy) Fleming

ChrisDavid
    $1000 16
Jean(-Claude) Duvalier

Ryan
    $1000 30
(Alex: And our thanks to the Reduced Shakespeare Company.)

Antony and Cleopatra (Anthony and Cleopatra accepted)

David
    $1,000 11
(Chris: What is Georgetown?)

Howard

Chris
    $1000 6
(St.) Veronica

David

Scores at the first commercial break (after clue 16):

Ryan Chris David
$1,400 $1,200 $1,400

Scores at the end of the Jeopardy! Round:

Ryan Chris David
$3,200 $3,600 $4,400

Double Jeopardy! Round responses

EXPERTISE OF AREAS
MOVIE PORTRAYALS
THINKERS
SANTA'S EIGHT TINY REINDEER
HAIKU D'ETAT
(Alex: We want you to name the country that's the subject of each haiku.)
IN THE "RAW"
    $400 25
a sphere

David
    $400 1
Eliot Ness

Ryan
    $400 16
flaw

Ryan
    $400 30
Comet

Chris
    $400 6
Belgium

David
    $400 11
a drawl

Ryan
    $800 24
(Dave: What is 18?)

14

ChrisDavid
    $800 5
Coach Carter

Ryan
    $800 17
(Chris: What is his own drummer?)

a different drummer

RyanChris
    $800 29
Cupid

David
    $800 7
Chile

David
    $800 13
brawny

Chris
    $1200 23
(Chris: What is 300 square feet?)
(Dave: What is 3,750?)
(Ryan: [Refusing to ring in] Don't even think of it.)
[Laughter]
(Alex: Two sides total 50. One side is 25. There are six sides on a cube. Six times 25.)

150 square feet

ChrisDavid
Triple Stumper
    $1200 2
(Dave: Who is Bea Arthur?)

Ruth Gordon

RyanDavid
    $2,222 18
(Alex: A very important error there by Chris leads Ryan to the Daily Double and a chance for the lead.)

de Tocqueville

Ryan
    $1200 28
Vixen

Chris
    $1200 8
the Dominican Republic

Chris
    $1200 12
the Irrawaddy

David
    $3,000 21
(Dave: What is the diamond?)
(Alex: No. What is [*]?
(Dave: Oh, the area.)
(Alex: 90 by 90.)
(Dave: Okay, gotcha.)

8,100 square feet

David
    $1600 3
C.S. Lewis

Ryan
    $1600 19
Francis Bacon

Triple Stumper
    $1600 27
Dancer

David
    $1600 9
Canada

David
    $1600 14
the Arawak

Chris
    $2000 22
(Dave: Um, what is... um... [time's-up signal sounds] [*]?)
(Alex: Sorry, too long.)
(Ryan: What is 1,050?)

525

RyanChrisDavid
    $2000 4
George Sand

Ryan
    $2000 20
(Kurt) Gödel

David
    $2000 26
Blitzen

Chris
    $2000 10
Mozambique

David
    $2000 15
Rawalpindi

David

Scores at the end of the Double Jeopardy! Round:

Ryan Chris David
$11,022 $11,600 $9,000

[wagering suggestions for these scores]

Final Jeopardy! Round responses

IN THE DICTIONARY
(Alex: This is one of those toughies that either comes to you immediately, as it appeared to with Chris, or you struggle and struggle and struggle.)
...
(Alex: Now Chris Miller, who was in third place for a long time, finally, in Final Jeopardy!, took the lead and he came up with [*]. Iraqi [*] came up a lot in June of 2004. You're right.)
DavidWhat is ?
$3,000
RyanWhat knighted?
$7,117
ChrisWhat is sovereignty?
$10,445
sovereignty

Final scores:

Ryan Chris David
$3,905 $22,045 $6,000
3rd place: $10,000 Winner: $22,045 + an advance to UToC Round 3 2nd place: $10,000

Game dynamics:

Coryat scores:

Ryan Chris David
$10,000 $12,600 $12,000
16 R
(including 1 DD),
1 W
19 R,
5 W
(including 1 DD)
18 R,
7 W
(including 1 DD)

Combined Coryat: $34,600

[game clues] [game scores] [suggest correction]

Game tape date: 2005-03-23
The J! Archive is created by fans, for fans. Scraping, republication, monetization, and malicious use prohibited; this site may use cookies and collect identifying information. See terms. The Jeopardy! game show and all elements thereof, including but not limited to copyright and trademark thereto, are the property of Jeopardy Productions, Inc. and are protected under law. This website is not affiliated with, sponsored by, or operated by Jeopardy Productions, Inc. Join the discussion at JBoard.tv.